000
00341nam a2200145Ia 4500
008
191201s2002 xx 000 0 und d
082
_a
677.31
_b
SIW
100
_a
SIMPSON, W.S
245
0
_a
Wool Science and Technology
250
_a
1st
260
_a
U S A
_b
Wood Head Pub
_c
2002
300
_a
368
650
_a
B.Tech(TE)
942
_2
ddc
_c
BK
999
_c
4640
_d
4640